000
00313nam a22001457a 4500
008
230123b ||||| |||| 00| 0 eng d
020
_a
9781594867538
041
_a
eng
080
_a
615.83
082
_a
615.83YEA
100
_a
16
101
_a
NUTRI
245
_a
FOOD REMENDIES
_c
YEAGER S
942
_2
udc
_c
BK
999
_c
59239
_d
59239